| 000 | 00000nam##2200000za#4500 |
| 001 | 9.602815 |
| 003 | CaOODSP |
| 005 | 20240212134142 |
| 007 | cr ||||||||||| |
| 008 | 150406|1995||||xxc|||||o f|0| 0 fre|d |
| 040 | |aCaOODSP|bfre |
| 043 | |an-cn--- |
| 086 | 1 |aNE22-1/1995-1F-PDF |
| 110 | 1 |aCanada. |bOffice national de l'énergie. |
| 245 | 10|aMotifs de décision relativement à TransCanada Pipelines Limited, Westcoast Energy Inc., Foothills Pipe Lines Ltd., Alberta Natural Gas Company Ltd., Gazoduc Trans Québec & Maritimes Inc., Pipeline Interprovincial Inc., Trans Mountain Pipeline Company Ltd. et Pipeline Trans-Nord Inc. : |h[ressource électronique]|bdemandes portant sur le coût du capital pour 1995, datées du 20 juin 1994, 17 juin 1994, 20 juin 1994, 20 juin 1994, 20 juin 1994, 17 juin 1994, 20 juin 1994 et 20 juin 1994 respectivement, dans leur version modifiée |
| 246 | 1 |iTitre de renvoi : |aTransCanada Pipelines Limited, Westcoast Energy Inc., Foothills Pipe Lines Ltd., Alberta Natural Gas Company Ltd., Gazoduc Trans Québec & Maritimes Inc., Pipeline Interprovincial Inc., Trans Mountain Pipeline Company Ltd., Pipeline Trans-Nord Inc. |
| 260 | |aCalgary - Alberta : |bOffice national de l'énergie |cMars 1995. |
| 300 | |a55p.|bglossaire, tableaux |
| 490 | 1 |aMotifs de décision|vRH-2-94 |
| 500 | |aLe nº de catalogue (NE22-1/1995-1F) et l'ISBN (0-662-80008-7) de l'édition imprimée ont été incorrectement copiés dans cette édition électronique. |
| 590 | |a12-07-Supp|b2012-03-09 |
| 775 | 08|tReasons for decision in the matter of TransCanada PipeLines Limited, Westcoast Energy Inc., Foothills Pipe Lines Ltd., Alberta Natural Gas Company Ltd., Trans Québec & Maritimes Pipeline Inc., Interprovincial Pipe Line Inc., Trans Mountain Pipe Line Company Ltd. and Trans-Northern Pipeline Inc. : |w(CaOODSP)9.572466 |
| 776 | 0#|tTransCanada Pipelines Limited, Westcoast Energy Inc., Foothills Pipe Lines Ltd., Alberta Natural Gas Company Ltd., Gazoduc Trans Québec & Maritimes Inc., Pipeline Interprovincial Inc., Trans Mountain Pipeline Company Ltd. et Pipeline Trans-Nord Inc. : |w(CaOODSP)9.623155 |
| 830 | #0|aMotifs de décision (Canada. Office national de l'énergie)|vRH-2-94|w(CaOODSP)9.500899 |
| 856 | 40|ahttp://publications.gc.ca|qPDF|s165 Ko|uhttps://publications.gc.ca/collections/Collection/NE22-1-1995-1F.pdf|yRH-2-94 |